Представление документа в формате MARC21

Поле Инд. ПП Название Значение
Тип записи a
Библиографический уровень b
001 Контрольный номер f939a8f2da244175ab8c6f02578554f5
005 Дата корректировки 20200630110232.7
008 Кодируемые данные 20170331
040 b Код языка каталог. rus
e Правила каталог. PSBO
041 0_ a Код языка текста rus
084 a Индекс другой классификации/Индекс ББК 67.401.133.12(2Рос)
100 1_ a Автор Калюжный Ю. Н.
245 10 a Заглавие Основные научные подходы к формированию новых форм обеспечения безопасности дорожного движения
520 0_ a Аннотация В работе исследуются основные научные подходы к формированию новых форм обеспечения безопасности дорожного движения, проводится сравнительный анализ зарубежных форм несения службы нарядами полиции с возможностью их адаптации к российской действительности
650 14 a Основная рубрика право; административное право
653 0_ a Ключевые слова безопасность дорожного движения
a Ключевые слова государственное управление
a Ключевые слова дорожная полиция
a Ключевые слова единая служба полиции
a Ключевые слова милиция общественной безопасности
a Ключевые слова обеспечение безопасности
a Ключевые слова полиция безопасности
a Ключевые слова Россия
a Ключевые слова сравнительный анализ
a Ключевые слова управление в области внутренних дел
773 08 t Заглавие источника Российская юстиция
d Дата издания источника 2020
g Прочая информация № 4. - С. 46 - 49
w Контрольный № источника d9163a71ea1647108cab3fccfb4b3d86
901 t Тип документа b